000 00631nam a2200229 4500
001 131854
003 ES-MaACL
005 20230906194046.0
007 t|
008 070214s1962 sp r ||||1| spa d
080 _a915.4(079.3)
100 1 _aRoger Riviere, Juan.
_998939
245 1 3 _aLa India /
_cJuan Roger Riviere.
250 _a1ª. ed.
260 _aBarcelona :
_bBruguera,
_c1962.
300 _a258 p., 16 lám. ;
_c21 cm.
490 1 _aEl Mundo y el Hombre
651 4 _aIndia-
_xDescripción.
_98839
830 0 _aEl Mundo y el Hombre
_9219614
852 _aES-MaACL
_jF-6231
_bR.51085
999 _c131854
_d131854